La tigre bianca e la sposa della luna /

Shranjeno v:
Bibliografske podrobnosti
Glavni avtor: Nencioni, Gloria
Format: Knjiga
Jezik:italijanščina
Izdano: Empoli : Ibiskos Ulivieri, 2010
Serija:Il frangipane
Oznake: Označite
Brez oznak, prvi označite!

MARC

LEADER 00000nam a22000007i 4500
001 IT\ICCU\CFI\0758644
003 ItRI
005 20260115232145.0
008 101102s2010 it |||||| ||||| |||||c
020 |a 9788878415669 
040 |b ita  |c importazione bologna sebina 
041 7 |a ita  |2 ISO-639-2 
100 1 |a Nencioni, Gloria  |0 IT\ICCU\PISV\003420 
245 1 3 |a La tigre bianca e la sposa della luna /  |c Gloria Nencioni. 
260 |a Empoli :  |b Ibiskos Ulivieri,  |c 2010 
300 |a 77 p. :  |b ill. ;  |c 20 cm 
790 0 |a Fiocco di Neve  |3 IT\ICCU\CFIV\279888  |z Nencioni, Gloria 
830 3 |a Il frangipane  |0 IT\ICCU\CFI\0608252 
942 |2 ddc  |c BK  |n 0 
952 |0 0  |1 0  |4 0  |6 DOC_853_920000000000000_NEN  |7 0  |9 21047  |a BO  |b BO  |d 2026-01-15  |i 16615  |l 0  |o DOC 853.92 NEN  |p BO16615  |r 2026-01-15 23:21:45  |w 2026-01-15  |x [Sebina 5] [1 v.]  |y BK  |z 1 v. (con dedica dell'A.) 
999 |c 17981  |d 17981